000 01001nam a22002897a 4500
001 BR2018001069
003 BR-BrBNA
005 20230928105245.0
007 ta
008 230509b bl.||||| |||| 00| 0 por d
040 _aBR-BrBNA
_bpor
_cBiblioteca Nacional de Agricultura
041 _a(Por)
072 _aL73
_b5300
_b4110
090 _ 5300 BR2018001069
100 1 _aOtoni, L.V.A.
110 1 _aUniversidade Federal de Minas Gerais, Belo Horizonte (Brasil). Escola de Veterinária
_0Tese (Mestre em Ciência Animal)
245 1 _aEficácia da tilosina injetável (Eurofarma Laboratórios S.A, no tratamento da enteropatia proliferativa em leitões experimentalmente inoculados
260 3 _aBelo Horizonte, MG (Brasil):
_c2018.
300 _a35 p.
500 _aSummaries (Eng, Por); Bibliography p. 29-35; 10 illus.
650 _aSUINO
650 _aDIARREIA
650 _aBACTERIA
650 _aANÁLISE MICROBIOLÓGICA
909 _a202309
_bLucia
_c55
_dLucia Elande
942 _cBK
999 _c84315
_d84315